000 00769nam a2200241Ia 4500
003 OSt
005 20220927105459.0
006 a|||||r|||| 00| 0
007 ta
008 220926b |||||||| |||| 00| 0 eng d
024 _a187619
037 _cReference Collections
040 _aRTL
_cRTL
_beng
041 _2eng
_aeng
082 _a"Y11(X:9582).1N45.N53, J`/UN"
110 _a"UNITED NATIONS, INTERNATIONAL CHILDREN'S EMERGENCY FUND"
_9372805
245 0 _a"Report of the executive board, 1953"
260 _aNewyork
_bUN
_c1953
300 _a91p
_ccm.
700 _a"UNITED NATIONS, INTERNATIONAL CHILDREN'S EMERGENCY FUND"
_9372806
942 _h"Y11(X:9582).1N45.N53, J`/UN"
_cCC
999 _c692763
_d692763